[Event "Rated Blitz game"]
[Site "?"]
[Date "2021.02.10"]
[Round "?"]
[White "meyssam"]
[Black "DarthZannah"]
[Result "1/2-1/2"]
[WhiteElo "2308"]
[BlackElo "2479"]
[PlyCount "148"]
[EventDate "2021.??.??"]
[EventType "blitz"]

1. e4 e5 2. Nf3 d5 3. exd5 e4 4. Ne5 Qxd5 5. d4 exd3 6. Nxd3 Nf6 7. Nc3 Qf5 8.
Be2 Bd6 9. Bf3 O-O 10. O-O Nc6 11. Re1 Nd4 12. Be4 Nxe4 13. Nxe4 b6 14. Nxd6
cxd6 15. c3 Ne6 16. Be3 Bb7 17. f3 Nc5 18. Nb4 Rad8 19. Nc2 Nd3 20. Nd4 Qg6 21.
Qd2 Nxe1 22. Rxe1 Rfe8 23. Rd1 h6 24. Bf2 Rd7 25. a4 Re5 26. Bg3 Re8 27. Ra1
Rde7 28. a5 h5 29. axb6 axb6 30. Bh4 Re5 31. Bg3 R5e7 32. Bh4 f6 33. Bg3 Kh7
34. Bxd6 Rd7 35. Qf4 Qd3 36. h4 Qe3+ 37. Qxe3 Rxe3 38. Kf2 Rd3 39. Bf4 Kg6 40.
Ke2 R3xd4 41. cxd4 Rxd4 42. Be3 Rxh4 43. Ra7 Bd5 44. Rd7 Bc4+ 45. Kf2 Bf7 46.
Bd4 Rf4 47. Bxb6 Rb4 48. Bd4 Be6 49. Rd6 Kf7 50. Bc3 Rb3 51. Rc6 Rb7 52. Ke3
Bd7 53. Rd6 Be6 54. g3 Ke7 55. Rd1 Bb3 56. Rh1 Bf7 57. Rh4 Ke6 58. Re4+ Kd7 59.
Bb4 Be6 60. Rd4+ Ke8 61. Kf4 Kf7 62. g4 hxg4 63. fxg4 Rc7 64. Bc3 Rc4 65. Rxc4
Bxc4 66. g5 fxg5+ 67. Kxg5 g6 68. Bd4 Bd3 69. b4 Ke6 70. Kf4 Kd5 71. Ke3 Kc4
72. Bc5 Bf5 73. Be7 Bb1 74. Kf4 Bf5 {Normal} 1/2-1/2

[Event "Rated Blitz tournament KHNvjL5H"]
[Site "?"]
[Date "2021.02.10"]
[Round "?"]
[White "sjever"]
[Black "barrot"]
[Result "1-0"]
[WhiteElo "2433"]
[BlackElo "2316"]
[PlyCount "85"]
[EventDate "2021.??.??"]
[EventType "blitz"]

1. e4 e5 2. Nf3 d5 3. exd5 e4 4. Qe2 Nf6 5. Nc3 Be7 6. Nxe4 O-O 7. Nxf6+ Bxf6
8. Qd1 Qxd5 9. Be2 Nc6 10. c3 Bg4 11. O-O Rfe8 12. d4 Rad8 13. Be3 Qh5 14. Re1
Ne7 15. Nd2 Bxe2 16. Qxe2 Qg6 17. Qf3 Nf5 18. Nf1 c6 19. Rad1 Be7 20. Ng3 Nh4
21. Qh5 Qc2 22. Qe2 Qg6 23. Qd3 Qg4 24. h3 Qd7 25. Bc1 Bd6 26. Bg5 Be7 27. Rxe7
Rxe7 28. Bxh4 f6 29. Nf5 Re6 30. Ne3 Rde8 31. d5 cxd5 32. Qxd5 Qa4 33. Bg3 Kh8
34. Qb3 Qc6 35. Rd4 h6 36. Qd1 Qa6 37. a3 h5 38. Qxh5+ Kg8 39. Qd1 Qb6 40. Qd2
Re4 41. Rd3 Qb5 42. c4 Qf5 43. Nxf5 {Normal} 1-0

[Event "Rated Blitz game"]
[Site "?"]
[Date "2021.02.10"]
[Round "?"]
[White "uspanops70"]
[Black "Jomajo"]
[Result "1-0"]
[WhiteElo "2444"]
[BlackElo "2585"]
[PlyCount "47"]
[EventDate "2021.??.??"]
[EventType "blitz"]

1. e4 e5 2. Nf3 d5 3. Nxe5 Bd6 4. d4 dxe4 5. Nc4 Nf6 6. Bg5 h6 7. Bh4 Nc6 8. c3
Be7 9. Be2 Nd5 10. Bxe7 Qxe7 11. O-O O-O 12. Ne3 Nf4 13. Nd2 f5 14. g3 Nh3+ 15.
Kh1 f4 16. Nd5 Qg5 17. Nxc7 f3 18. Bc4+ Kh8 19. Nxe4 Qh5 20. Nxa8 Bf5 21. Nd6
Rxa8 22. Bf7 Qg5 23. Qxf3 Rd8 24. Nxf5 {Normal} 1-0

[Event "Rated Blitz game"]
[Site "?"]
[Date "2021.02.10"]
[Round "?"]
[White "morischwilli"]
[Black "ferricerve"]
[Result "1-0"]
[WhiteElo "2518"]
[BlackElo "2489"]
[PlyCount "97"]
[EventDate "2021.??.??"]
[EventType "blitz"]

1. e4 e5 2. Nf3 d5 3. exd5 e4 4. Qe2 Nf6 5. d3 Qxd5 6. Nfd2 Be6 7. dxe4 Qd7 8.
Nf3 Nc6 9. Bg5 O-O-O 10. Nc3 Bb4 11. Qe3 Ng4 12. Qd3 f6 13. Qxd7+ Rxd7 14. Bf4
Nge5 15. Nxe5 fxe5 16. Bg3 h5 17. h4 Re8 18. Bd3 Bxc3+ 19. bxc3 Na5 20. Bxe5
Bd5 21. f4 Bc4 22. Ke2 g6 23. Rhd1 b5 24. Kf3 Rf7 25. Bd4 Ref8 26. g3 a6 27. a4
Nc6 28. axb5 axb5 29. Ra8+ Kb7 30. Rxf8 Rxf8 31. Ke3 Nxd4 32. cxd4 c5 33. dxc5
Kc6 34. Bxc4 bxc4 35. Rd6+ Kxc5 36. Rxg6 Ra8 37. f5 Ra3+ 38. Kf4 Rc3 39. f6
Rxc2 40. Ke5 c3 41. f7 Rf2 42. Rf6 Rxf6 43. Kxf6 Kd4 44. f8=Q Kxe4 45. Qc5 Kf3
46. Qxc3+ Kg4 47. Qd4+ Kh3 48. Kg5 Kxg3 49. Qe3+ {Normal} 1-0

[Event "Rated Blitz game"]
[Site "?"]
[Date "2021.02.10"]
[Round "?"]
[White "khrapov111"]
[Black "Jomajo"]
[Result "0-1"]
[WhiteElo "2533"]
[BlackElo "2565"]
[PlyCount "45"]
[EventDate "2021.??.??"]
[EventType "blitz"]

1. e4 e5 2. Nf3 d5 3. d4 dxe4 4. Nxe5 Bd6 5. Bc4 Bxe5 6. dxe5 Qxd1+ 7. Kxd1 Nc6
8. Bb5 Bg4+ 9. Ke1 O-O-O 10. Nc3 Nxe5 11. h3 Bh5 12. Bf4 Ng6 13. Be3 f5 14. g3
Ne5 15. Be2 Bf3 16. Bf4 Re8 17. Bxe5 Rxe5 18. Bxf3 exf3+ 19. Kf1 Nf6 20. Kg1
Rd8 21. h4 Ng4 22. h5 Rd2 23. h6 {Normal} 0-1

[Event "Rated Blitz game"]
[Site "?"]
[Date "2021.02.10"]
[Round "?"]
[White "RIBERCHESS"]
[Black "DarthZannah"]
[Result "0-1"]
[WhiteElo "2345"]
[BlackElo "2466"]
[PlyCount "25"]
[EventDate "2021.??.??"]
[EventType "blitz"]

1. e4 e5 2. Nf3 d5 3. Bc4 dxc4 4. Nxe5 Qd4 5. Ng4 Qxe4+ 6. Ne3 Nf6 7. O-O Bd6
8. Re1 O-O 9. Nc3 Qh4 10. g3 Qh3 11. Qf3 Nc6 12. Nxc4 Nd4 13. Qg2 {Normal} 0-1

[Event "Rated Blitz game"]
[Site "?"]
[Date "2021.02.10"]
[Round "?"]
[White "Alya_BudiCM"]
[Black "om_gendut"]
[Result "1-0"]
[WhiteElo "2402"]
[BlackElo "2326"]
[PlyCount "125"]
[EventDate "2021.??.??"]
[EventType "blitz"]

1. e4 e5 2. Nf3 d5 3. exd5 e4 4. Qe2 Be7 5. Qxe4 Nf6 6. Qa4+ Nbd7 7. d4 O-O 8.
c4 a6 9. Nc3 b5 10. cxb5 Nb6 11. Qb3 Nbxd5 12. bxa6 Bxa6 13. Bxa6 Rxa6 14. O-O
Bd6 15. Bg5 Nxc3 16. bxc3 h6 17. Bxf6 Qxf6 18. Rfe1 Rfa8 19. a4 g5 20. Ne5 Ra5
21. Qb7 Rxa4 22. Qxa8+ Rxa8 23. Rxa8+ Kg7 24. Ra2 Qe6 25. Rae2 Qd5 26. g3 c5
27. dxc5 Qxc5 28. c4 Bxe5 29. Rxe5 Qxc4 30. Re7 Kg6 31. R7e4 Qc2 32. h4 Qc6 33.
hxg5 hxg5 34. Re5 Qc2 35. R1e4 Qc1+ 36. Re1 Qc6 37. R5e3 Qc2 38. Re4 Qd2 39.
R4e2 Qd5 40. Rc2 Qd3 41. Rec1 Kg7 42. Rc3 Qd2 43. Rc5 Kg6 44. Rc6+ Kg7 45. Rc7
Kg6 46. Rb1 Qd3 47. Rb6+ Kg7 48. Rbb7 Qd1+ 49. Kh2 Qh5+ 50. Kg2 Qe2 51. Rxf7+
Kg8 52. Rg7+ Kh8 53. Rge7 Qc4 54. Re8+ Qg8 55. Rxg8+ Kxg8 56. Kf3 g4+ 57. Kxg4
Kf8 58. Kf5 Ke8 59. Ke6 Kf8 60. Rd7 Ke8 61. Rd4 Kf8 62. Rg4 Ke8 63. Rg8# {
Normal} 1-0

[Event "Rated Blitz game"]
[Site "?"]
[Date "2021.02.10"]
[Round "?"]
[White "khatkevich71"]
[Black "zharari-9"]
[Result "0-1"]
[WhiteElo "2415"]
[BlackElo "2284"]
[PlyCount "82"]
[EventDate "2021.??.??"]
[EventType "blitz"]

1. e4 e5 2. Nf3 d5 3. exd5 Bd6 4. Nc3 Nf6 5. d3 O-O 6. Bg5 h6 7. Bh4 Bf5 8. Be2
Nbd7 9. O-O a6 10. Ne4 g5 11. Nfxg5 hxg5 12. Bxg5 Be7 13. Nxf6+ Bxf6 14. Bh6
Bg7 15. Bxg7 Kxg7 16. Bg4 Bg6 17. f4 exf4 18. Rxf4 Ne5 19. Bf3 Qg5 20. Rb4
Nxf3+ 21. Qxf3 b6 22. Rc4 b5 23. Rxc7 Rac8 24. Rc6 Rxc6 25. dxc6 Qc5+ 26. Qf2
Qxc6 27. d4 Qxc2 28. Qxc2 Bxc2 29. Rc1 Be4 30. Re1 f5 31. g4 Kf6 32. gxf5 Bxf5
33. Rc1 Re8 34. Kf2 Bd3 35. Rc6+ Re6 36. Rxe6+ Kxe6 37. Ke3 Bb1 38. a3 Kd5 39.
h4 a5 40. h5 a4 41. h6 Bh7 {Normal} 0-1

[Event "Rated Blitz game"]
[Site "?"]
[Date "2021.02.10"]
[Round "?"]
[White "rectifhigh"]
[Black "Jomajo"]
[Result "0-1"]
[WhiteElo "2416"]
[BlackElo "2580"]
[PlyCount "78"]
[EventDate "2021.??.??"]
[EventType "blitz"]

1. e4 e5 2. Nf3 d5 3. d4 dxe4 4. Nxe5 Bd6 5. Nc4 Nf6 6. Nc3 O-O 7. Bg5 h6 8.
Bh4 Re8 9. Be2 Nc6 10. Nd5 g5 11. Nxf6+ Qxf6 12. Bg3 Bxg3 13. hxg3 Nxd4 14. c3
Nf5 15. Qb3 e3 16. Nxe3 Nxe3 17. fxe3 Rxe3 18. Rf1 Qe7 19. Qc4 Be6 20. Qd4 Bd7
21. O-O-O Rxe2 22. Qxd7 Re8 23. Qxe7 R8xe7 24. Rd2 Kg7 25. Kd1 Rxd2+ 26. Kxd2
Kg6 27. Kd3 f5 28. b4 Re4 29. Rf2 b5 30. a4 a6 31. axb5 axb5 32. Ra2 Rg4 33.
Ra6+ Kh5 34. Rc6 Rxg3+ 35. Kd4 Rxg2 36. Rxc7 f4 37. Rf7 Kg4 38. Kc5 Rc2 39.
Kxb5 Rxc3 {Normal} 0-1

[Event "Rated Blitz game"]
[Site "?"]
[Date "2021.02.10"]
[Round "?"]
[White "doobidoo"]
[Black "DarthZannah"]
[Result "1-0"]
[WhiteElo "2326"]
[BlackElo "2474"]
[PlyCount "107"]
[EventDate "2021.??.??"]
[EventType "blitz"]

1. e4 e5 2. Nf3 d5 3. exd5 e4 4. Qe2 Nf6 5. Nc3 Be7 6. Nxe4 O-O 7. d3 Qxd5 8.
Nxf6+ Bxf6 9. Qd1 Nc6 10. Be2 Re8 11. O-O Bg4 12. c3 Rad8 13. d4 Qh5 14. Be3
Qg6 15. Kh1 Bf5 16. Nd2 Ne7 17. Bh5 Bc2 18. Bxg6 Bxd1 19. Bxf7+ Kxf7 20. Rfxd1
Nd5 21. Nf1 b6 22. g3 c5 23. dxc5 Nxe3 24. Nxe3 bxc5 25. Kg2 Rb8 26. Rab1 Red8
27. Rxd8 Rxd8 28. Rd1 Rb8 29. Rd2 Ke6 30. Kf1 a5 31. Ke2 a4 32. Kd3 a3 33. b3
Ke5 34. f4+ Ke6 35. Kc4 g5 36. fxg5 Bxg5 37. Re2 Rf8 38. Nc2+ Kd6 39. Nxa3 Rf3
40. Nb1 Bf6 41. a4 Rf1 42. Nd2 Rc1 43. Ne4+ Ke5 44. Nxf6+ Kxf6 45. a5 Ra1 46.
Kb5 c4 47. b4 Rc1 48. Kxc4 Ra1 49. Kb5 h5 50. c4 h4 51. gxh4 Kf5 52. a6 Kg4 53.
c5 Kxh4 54. Kb6 {Normal} 1-0

[Event "Rated Blitz game"]
[Site "?"]
[Date "2021.02.10"]
[Round "?"]
[White "MARKOV75"]
[Black "DarthZannah"]
[Result "0-1"]
[WhiteElo "2302"]
[BlackElo "2480"]
[PlyCount "52"]
[EventDate "2021.??.??"]
[EventType "blitz"]

1. e4 e5 2. Nf3 d5 3. exd5 e4 4. Nd4 Qxd5 5. Nb3 Nf6 6. Nc3 Qe5 7. Qe2 Nc6 8.
Qb5 Bd6 9. Qxe5+ Bxe5 10. Bb5 Bd7 11. O-O O-O-O 12. Nc5 Nd4 13. Bxd7+ Nxd7 14.
N5xe4 Nxc2 15. Rb1 Nb4 16. Ng5 Rhf8 17. Nxh7 Rh8 18. f4 Bd4+ 19. Kh1 Rxh7 20.
d3 Nxd3 21. Ne2 Bb6 22. h3 Re8 23. Ng3 Nf2+ 24. Kh2 Nf6 25. Rxf2 Bxf2 26. Bd2
Ng4+ {Normal} 0-1

[Event "Rated Blitz game"]
[Site "?"]
[Date "2021.02.10"]
[Round "?"]
[White "RnJlaQ64"]
[Black "Jomajo"]
[Result "0-1"]
[WhiteElo "2459"]
[BlackElo "2572"]
[PlyCount "88"]
[EventDate "2021.??.??"]
[EventType "blitz"]

1. e4 e5 2. Nf3 d5 3. Nxe5 Bd6 4. d4 dxe4 5. Nc4 Nf6 6. Nxd6+ Qxd6 7. Be2 O-O
8. O-O Nc6 9. Be3 Nd5 10. Nc3 f5 11. Nxd5 Qxd5 12. c4 Qd8 13. f4 Ne7 14. Qb3 c6
15. Rfd1 Qb6 16. d5 Qxb3 17. axb3 Rd8 18. d6 Ng6 19. g3 a6 20. Bb6 Rd7 21. b4
Rf7 22. b5 Be6 23. bxc6 bxc6 24. c5 Nf8 25. b4 Nd7 26. Bc7 Nb8 27. Ra5 h6 28.
Rda1 Kh7 29. Kf2 g5 30. b5 cxb5 31. Bxb5 Bd5 32. Bxa6 Nc6 33. R5a3 Nd4 34. Bf1
Nc2 35. Rxa8 e3+ 36. Kg1 Bf3 37. Rc1 Nd4 38. Ba5 Bxa8 39. Bc3 Nf3+ 40. Kh1 Nd2+
41. Bg2 Nf3 42. Be5 Bc6 43. fxg5 hxg5 44. h4 g4 {Normal} 0-1

[Event "Rated Blitz game"]
[Site "?"]
[Date "2021.02.10"]
[Round "?"]
[White "Blojo"]
[Black "maharani77"]
[Result "1-0"]
[WhiteElo "2437"]
[BlackElo "2320"]
[PlyCount "141"]
[EventDate "2021.??.??"]
[EventType "blitz"]

1. e4 e5 2. Nf3 d5 3. d4 dxe4 4. Nxe5 Bd6 5. Qh5 Qe7 6. Bc4 g6 7. Qe2 Bxe5 8.
dxe5 Qxe5 9. Nc3 Nf6 10. O-O Nc6 11. Bh6 Bg4 12. Qe3 Be6 13. Bxe6 Qxe6 14. Bg7
Rg8 15. Bxf6 Qxf6 16. Nxe4 Qd4 17. Qxd4 Nxd4 18. Nf6+ Kf8 19. Nxg8 Kxg8 20.
Rad1 Ne2+ 21. Kh1 Nf4 22. g3 Ne6 23. f4 a5 24. f5 Nc5 25. Rd5 b6 26. a3 a4 27.
f6 Re8 28. Rfd1 Kf8 29. Rxc5 bxc5 30. Rd7 Re1+ 31. Kg2 Ke8 32. Rxc7 Re2+ 33.
Kf3 Rxc2 34. h4 h5 35. Re7+ Kf8 36. Ra7 Ke8 37. Rxa4 Rxb2 38. Ra7 c4 39. Re7+
Kf8 40. Rc7 Ke8 41. Rxc4 Rb3+ 42. Kf4 Rxa3 43. Re4+ Kf8 44. Rb4 Ke8 45. Rb7
Ra4+ 46. Kg5 Ra6 47. Re7+ Kf8 48. Rb7 Ke8 49. Rc7 Rb6 50. Rc8+ Kd7 51. Rf8 Ke6
52. Re8+ Kd6 53. Re7 Rb3 54. Rxf7 Rxg3+ 55. Kh6 Ke6 56. Kg7 g5 57. Re7+ Kd6 58.
hxg5 Rxg5+ 59. Kf8 Rf5 60. f7 h4 61. Re3 Rh5 62. Ke8 Rh8+ 63. f8=Q+ Rxf8+ 64.
Kxf8 Kd5 65. Rh3 Ke4 66. Rxh4+ Kf5 67. Kf7 Kg5 68. Rd4 Kf5 69. Ke7 Ke5 70. Rd7
Kf5 71. Rd5+ {Time forfeit} 1-0

[Event "Rated Blitz game"]
[Site "?"]
[Date "2021.02.10"]
[Round "?"]
[White "miguelho67"]
[Black "sloppydogg"]
[Result "0-1"]
[WhiteElo "2505"]
[BlackElo "2511"]
[PlyCount "122"]
[EventDate "2021.??.??"]
[EventType "blitz"]

1. e4 e5 2. Nf3 d5 3. exd5 Bd6 4. d3 f5 5. Be2 Nf6 6. Nc3 O-O 7. Bg5 h6 8. Bxf6
Qxf6 9. Nd2 Nd7 10. Nc4 Nb6 11. Qd2 Nxc4 12. dxc4 e4 13. O-O-O a6 14. Kb1 Bd7
15. f4 exf3 16. Bxf3 b5 17. Qd3 Rab8 18. cxb5 axb5 19. Ne2 b4 20. Nd4 Be5 21.
Rhe1 Rfe8 22. Rf1 Bxh2 23. g4 Be5 24. gxf5 Bxd4 25. Qxd4 Qxd4 26. Rxd4 Bxf5 27.
d6 cxd6 28. Rxd6 Kh8 29. Bc6 Red8 30. Rxd8+ Rxd8 31. Kc1 Be6 32. Rf4 Rd6 33.
Be4 Kg8 34. Bd3 Rb6 35. a4 bxa3 36. bxa3 h5 37. Bg6 Bg4 38. Bf7+ Kh7 39. a4 g5
40. Rc4 h4 41. a5 Ra6 42. Rc5 Kh6 43. Bc4 Ra7 44. a6 h3 45. Rc6+ Kh5 46. Bd5
Bf5 47. Rb6 g4 48. Rb7 Rxa6 49. Bf7+ Kg5 50. Rb8 g3 51. Rg8+ Kf4 52. Bd5 Rd6
53. Bb7 Rg6 54. Rf8 g2 55. Bxg2 hxg2 56. Rd8 g1=Q+ 57. Kb2 Qb6+ 58. Kc3 Qxd8
59. Kc4 Rc6+ 60. Kb3 Qb8+ 61. Ka2 Ra6# {Normal} 0-1

[Event "Rated Blitz tournament KHNvjL5H"]
[Site "?"]
[Date "2021.02.10"]
[Round "?"]
[White "sjever"]
[Black "barrot"]
[Result "1-0"]
[WhiteElo "2454"]
[BlackElo "2318"]
[PlyCount "133"]
[EventDate "2021.??.??"]
[EventType "blitz"]

1. e4 e5 2. Nf3 d5 3. exd5 e4 4. Qe2 Nf6 5. Nc3 Be7 6. Nxe4 O-O 7. Nxf6+ Bxf6
8. Qd1 Qxd5 9. Be2 c5 10. O-O Nc6 11. d3 Bg4 12. c3 Rad8 13. Be3 b6 14. h3 Bh5
15. Qb3 Qd6 16. Rfe1 Na5 17. Qc2 Bxf3 18. Bxf3 Qxd3 19. Qxd3 Rxd3 20. Be2 Rdd8
21. Rad1 g6 22. Bh6 Bg7 23. Bg5 f6 24. Bf4 g5 25. Bc7 Rc8 26. Bg3 f5 27. Bd6
Rfd8 28. Kf1 h6 29. Ba6 Rc6 30. Be7 Rxd1 31. Rxd1 Re6 32. Bd6 Kh7 33. b4 Nc6
34. Bc4 Re4 35. Bd3 Re8 36. Bxf5+ Kh8 37. Bd7 Rd8 38. Bxc6 cxb4 39. cxb4 Rc8
40. b5 Rd8 41. Bf3 Rc8 42. Bg3 h5 43. Bxh5 Bb2 44. Bf3 Kg7 45. Rd7+ Kf6 46. Bg4
Rc1+ 47. Ke2 Rc2+ 48. Kd3 Rc3+ 49. Kd2 Rc5 50. Rd6+ Ke7 51. Rd7+ Kf6 52. Rxa7
Bc3+ 53. Kd3 Ba5 54. Rd7 Rc2 55. Kxc2 Bb4 56. Rd3 Bc5 57. Kb3 Be7 58. Kc4 Bc5
59. Rd5 Ba3 60. Be5+ Kg6 61. Kd3 Bb4 62. Ke4 Ba3 63. Rd7 Bc5 64. Rb7 Bxf2 65.
Rd7 Bc5 66. Bf5+ Kh6 67. Rh7# {Normal} 1-0

[Event "Rated Blitz game"]
[Site "?"]
[Date "2021.02.10"]
[Round "?"]
[White "Peppa_Pig_0"]
[Black "KamranShirazi"]
[Result "0-1"]
[WhiteElo "2355"]
[BlackElo "2460"]
[PlyCount "78"]
[EventDate "2021.??.??"]
[EventType "blitz"]

1. e4 e5 2. Nf3 d5 3. exd5 e4 4. Qe2 f5 5. d3 Nf6 6. dxe4 fxe4 7. Nc3 Bb4 8.
Qb5+ c6 9. Qxb4 exf3 10. Bg5 cxd5 11. O-O-O Nc6 12. Qa3 Be6 13. gxf3 Kf7 14.
Bc4 Qa5 15. Qxa5 Nxa5 16. Bxd5 Nxd5 17. Nxd5 Rac8 18. Rhe1 h6 19. Rxe6 Kxe6 20.
Nf4+ Kf7 21. Rd7+ Kg8 22. Ne6 Rh7 23. Bd2 g5 24. Rxh7 Nb3+ 25. axb3 Kxh7 26.
Bc3 Kg6 27. f4 g4 28. Nd4 a6 29. Kd2 Kh5 30. Ke3 Kh4 31. f5 Kg5 32. Ke4 h5 33.
Ke5 Rc5+ 34. Kd6 Rc8 35. Ke5 Rc5+ 36. Kd6 Rxc3 37. Ke5 Rxc2 38. Nxc2 g3 39. Ne3
gxh2 {Time forfeit} 0-1

[Event "Rated Blitz game"]
[Site "?"]
[Date "2021.02.10"]
[Round "?"]
[White "ElGranRigotrov"]
[Black "Jomajo"]
[Result "1-0"]
[WhiteElo "2496"]
[BlackElo "2551"]
[PlyCount "143"]
[EventDate "2021.??.??"]
[EventType "blitz"]

1. e4 e5 2. Nf3 d5 3. Nc3 d4 4. Ne2 d3 5. Ng3 dxc2 6. Qxc2 Nc6 7. Bc4 Bg4 8.
Ba6 bxa6 9. Qxc6+ Bd7 10. Qc3 f6 11. O-O Bb5 12. Rd1 c5 13. d3 Bd6 14. Be3 Rc8
15. Nf5 Bf8 16. Nxe5 fxe5 17. Qxe5+ Kf7 18. Bg5 Nf6 19. d4 c4 20. d5 Bd7 21. d6
h6 22. Bh4 Bxf5 23. exf5 Qd7 24. Bxf6 gxf6 25. Qd5+ Kg7 26. Rd4 Kh7 27. Rad1
Bg7 28. Qf3 Rhe8 29. Qh5 Rc5 30. Qg6+ Kh8 31. g4 Rce5 32. Kg2 Re4 33. Rxe4 Rxe4
34. f3 Re2+ 35. Kh3 Qc6 36. Kg3 Qc5 37. Rf1 Qxd6+ 38. f4 Re3+ 39. Rf3 Rxf3+ 40.
Kxf3 Qd3+ 41. Kf2 Qe4 42. Kg3 Qe3+ 43. Kg2 Qe2+ 44. Kg3 a5 45. Qf7 Qe3+ 46. Kg2
Qd2+ 47. Kf3 Qd8 48. h4 Qa8+ 49. Kf2 c3 50. bxc3 Qd8 51. g5 Qd2+ 52. Kf3 Qd3+
53. Kf2 Qc2+ 54. Kf3 Qxc3+ 55. Kf2 Qd4+ 56. Kf3 Qd3+ 57. Kf2 Qd4+ 58. Kf3 Qd8
59. gxh6 Bxh6 60. Qg6 Bg7 61. h5 Qd5+ 62. Kg3 Qd3+ 63. Kg4 Qe2+ 64. Kh4 Qe1+
65. Kg4 Qe2+ 66. Kg3 Qe1+ 67. Kh3 Qe2 68. Kg3 Qe3+ 69. Kh4 Qe4 70. Kg4 Qxf4+
71. Kxf4 Kg8 72. Kg4 {Time forfeit} 1-0

[Event "Rated Blitz game"]
[Site "?"]
[Date "2021.02.10"]
[Round "?"]
[White "Partake"]
[Black "Artyom-Odegov"]
[Result "1/2-1/2"]
[WhiteElo "2549"]
[BlackElo "2443"]
[PlyCount "238"]
[EventDate "2021.??.??"]
[EventType "blitz"]

1. e4 e5 2. Nf3 d5 3. exd5 e4 4. Nd4 Qxd5 5. Nb3 Nf6 6. Nc3 Qd8 7. d3 Bb4 8.
Bd2 Bxc3 9. Bxc3 O-O 10. Be2 exd3 11. Qxd3 Qxd3 12. Bxd3 Nd5 13. Bd2 Re8+ 14.
Kf1 Nc6 15. a3 a5 16. Re1 Rxe1+ 17. Kxe1 a4 18. Nc5 b6 19. Be4 Nde7 20. Nd3 Bf5
21. Bxf5 Nxf5 22. Bc3 Re8+ 23. Kd2 Nfd4 24. Re1 Rxe1 25. Nxe1 Ne6 26. Nd3 f6
27. f4 g6 28. Bxf6 Kf7 29. Bc3 h5 30. g3 Ke7 31. Ke3 Kd6 32. Ne5 Nxe5 33. Bxe5+
Kd5 34. h3 c5 35. g4 hxg4 36. hxg4 b5 37. Bc3 Nd8 38. f5 gxf5 39. gxf5 Nc6 40.
Bg7 b4 41. c3 bxc3 42. Bxc3 Nd8 43. f6 Nf7 44. Kf4 Ke6 45. Ke4 Nd6+ 46. Kd3 Kd5
47. Be1 c4+ 48. Kc3 Ne4+ 49. Kb4 Nxf6 50. Kxa4 Kc5 51. Bf2+ Kc6 52. Kb4 c3 53.
bxc3 Ne4 54. Bd4 Nxc3 55. Bxc3 Kb7 56. Kb3 Ka8 57. Ka4 Kb7 58. Kb4 Ka8 59. Ka5
Kb7 60. Kb5 Ka8 61. Bd4 Kb7 62. Be5 Ka8 63. Bc3 Kb7 64. Kc4 Ka8 65. Kd5 Kb7 66.
Ke6 Ka8 67. Ke7 Kb7 68. Kd8 Ka6 69. Kc8 Ka7 70. Bb4 Ka8 71. Kc7 Ka7 72. Bc3 Ka8
73. Bd2 Ka7 74. Be1 Ka8 75. Bc3 Ka7 76. Kc6 Ka8 77. Kb6 Kb8 78. Bb4 Ka8 79. Bc5
Kb8 80. a4 Ka8 81. Ka5 Kb8 82. Kb5 Ka8 83. Kb4 Kb8 84. Kc4 Ka8 85. Bb4 Kb8 86.
Kb5 Ka8 87. Kc4 Kb8 88. Kd4 Ka8 89. Ke5 Kb8 90. Kf6 Ka8 91. Bd6 Kb7 92. Ke5 Ka8
93. Kd5 Kb7 94. Kc4 Ka8 95. Kb5 Kb7 96. Ka5 Ka8 97. Bc5 Kb7 98. Kb5 Ka8 99. Ka6
Kb8 100. Ba7+ Ka8 101. Bb6 Kb8 102. Bc5 Ka8 103. Be7 Kb8 104. Bd8 Ka8 105. Be7
Kb8 106. Bf6 Ka8 107. Bg5 Kb8 108. Bh4 Ka8 109. Bg5 Kb8 110. Bf6 Ka8 111. Bd4
Kb8 112. Bc3 Ka8 113. Bb2 Kb8 114. Bc3 Ka8 115. Bd4 Kb8 116. Be5+ Ka8 117. Bf6
Kb8 118. Bg7 Ka8 119. Bh8 Kb8 {Time forfeit} 1/2-1/2

[Event "Rated Blitz game"]
[Site "?"]
[Date "2021.02.10"]
[Round "?"]
[White "ffl0"]
[Black "Jomajo"]
[Result "1/2-1/2"]
[WhiteElo "2500"]
[BlackElo "2566"]
[PlyCount "165"]
[EventDate "2021.??.??"]
[EventType "blitz"]

1. e4 e5 2. Nf3 d5 3. exd5 e4 4. Qe2 Qe7 5. Nd4 Nf6 6. Nc3 Qe5 7. Ndb5 a6 8. d4
Qe7 9. Na3 b5 10. Nab1 b4 11. Na4 Nxd5 12. c4 bxc3 13. Nbxc3 Nb4 14. Qd1 Bf5
15. Be3 Nd7 16. Bc4 Nb6 17. Bb3 Nd3+ 18. Kf1 Qd6 19. h3 Be7 20. g4 Bg6 21. Nc5
Nxc5 22. dxc5 Qxd1+ 23. Rxd1 Nd7 24. Bd5 O-O-O 25. Bxe4 Nxc5 26. Rxd8+ Rxd8 27.
Bxg6 hxg6 28. Ke2 Nd3 29. b3 Nb4 30. Rd1 Bf6 31. Rxd8+ Kxd8 32. Bd2 c6 33. a4
Kd7 34. Ne4 Nd5 35. Nc5+ Kc8 36. Nxa6 Be7 37. b4 Kb7 38. Nc5+ Kb6 39. Nd7+ Kc7
40. Ne5 Bf6 41. Nxf7 Kd7 42. g5 Ba1 43. f4 Ke6 44. Ne5 Bxe5 45. fxe5 Kxe5 46.
a5 Nc7 47. Bc3+ Kd5 48. Bxg7 Kc4 49. Bf8 Ne6 50. h4 Nxf8 51. h5 Kb5 52. h6 Nh7
53. Ke3 Nxg5 54. Kf4 Nh7 55. Ke5 g5 56. Kf5 Ka6 57. Kg6 g4 58. Kxh7 g3 59. Kg7
g2 60. h7 g1=Q+ 61. Kf7 Qf2+ 62. Kg8 Qg3+ 63. Kf7 Qf4+ 64. Kg8 Qg5+ 65. Kf7
Qh5+ 66. Kg8 Qg6+ 67. Kh8 Qg4 68. b5+ Kxb5 69. a6 Qd4+ 70. Kg8 Qg4+ 71. Kf7
Qd7+ 72. Kf6 Qxh7 73. Ke6 Kxa6 74. Kd6 Qg7 75. Ke6 Qf6+ 76. Kxf6 c5 77. Ke5 Kb5
78. Kd5 Kb4 79. Kc6 Kb3 80. Kd6 c4 81. Kd7 c3 82. Ke7 c2 83. Kd7 {Time forfeit}
1/2-1/2

[Event "Rated Blitz game"]
[Site "?"]
[Date "2021.02.10"]
[Round "?"]
[White "kintoho"]
[Black "CzechProphylaxis"]
[Result "0-1"]
[WhiteElo "2438"]
[BlackElo "2376"]
[PlyCount "46"]
[EventDate "2021.??.??"]
[EventType "blitz"]

1. e4 e5 2. Nf3 d5 3. Nc3 d4 4. Ne2 Nc6 5. Ng3 h5 6. h4 Bg4 7. Be2 Nge7 8. Ng5
Qd7 9. Bxg4 hxg4 10. Nf5 f6 11. Qxg4 fxg5 12. Qxg5 O-O-O 13. h5 Nb4 14. Kd1
Nxf5 15. Qxf5 Qxf5 16. exf5 e4 17. a3 Nd5 18. d3 e3 19. fxe3 dxe3 20. g3 Bc5
21. Ke2 Nf6 22. Bxe3 Rde8 23. d4 Bxd4 {Normal} 0-1

[Event "Rated Rapid game"]
[Site "?"]
[Date "2021.02.10"]
[Round "?"]
[White "ivankovalenko-87"]
[Black "femur123"]
[Result "0-1"]
[WhiteElo "2405"]
[BlackElo "2379"]
[PlyCount "100"]
[EventDate "2021.??.??"]
[EventType "rapid"]

1. e4 e5 2. Nf3 d5 3. d3 dxe4 4. dxe4 Qxd1+ 5. Kxd1 Nc6 6. Bb5 Bd7 7. c3 O-O-O
8. Re1 a6 9. Ba4 Nb4 10. Bxd7+ Rxd7+ 11. Nbd2 Nd3 12. Rf1 Nf6 13. h3 Bc5 14.
Kc2 Nxf2 15. Nxe5 Re7 16. Nd3 Nxd3 17. Kxd3 Nxe4 18. Nxe4 Rd8+ 19. Kc2 Rxe4 20.
Rxf7 Re2+ 21. Kb3 Rxg2 22. Bf4 Rd7 23. Rxd7 Kxd7 24. Rd1+ Kc6 25. Rd8 Rf2 26.
Be5 Rf3 27. h4 Be7 28. Rc8 Bd6 29. Bxg7 Rf5 30. Rh8 Rh5 31. Bf6 Bg3 32. a4 Bxh4
33. Bd4 Be7 34. Kc4 b5+ 35. axb5+ axb5+ 36. Kd3 Kd5 37. b4 Rh3+ 38. Ke2 Bxb4
39. cxb4 Kxd4 40. Rc8 Kc3 41. Rxc7+ Kxb4 42. Kd2 h5 43. Kc2 h4 44. Rg7 Rh2+ 45.
Kc1 Kb3 46. Rf7 h3 47. Rf3+ Ka2 48. Rf7 Rg2 49. Ra7+ Kb3 50. Rh7 h2 {Normal}
0-1

[Event "Rated Rapid game"]
[Site "?"]
[Date "2021.02.09"]
[Round "?"]
[White "LEV2310"]
[Black "PATIH_S"]
[Result "1-0"]
[WhiteElo "2493"]
[BlackElo "2339"]
[PlyCount "47"]
[EventDate "2021.??.??"]
[EventType "rapid"]

1. e4 e5 2. Nf3 d5 3. Nxe5 Nf6 4. d4 dxe4 5. Bc4 Nd5 6. Nxf7 Kxf7 7. Qh5+ g6 8.
Qxd5+ Qxd5 9. Bxd5+ Kg7 10. Bxe4 Bb4+ 11. c3 Re8 12. f3 Bd6 13. O-O c6 14. Nd2
Nd7 15. Nc4 Bc7 16. b3 Nb6 17. Nxb6 Bxb6 18. Ba3 Be6 19. Rad1 Rad8 20. Kh1 h5
21. Rfe1 a5 22. Bb2 a4 23. c4 Kh7 24. h3 {Normal} 1-0

[Event "Rated Blitz game"]
[Site "?"]
[Date "2021.02.09"]
[Round "?"]
[White "korse"]
[Black "annaly1979"]
[Result "1-0"]
[WhiteElo "2523"]
[BlackElo "2441"]
[PlyCount "34"]
[EventDate "2021.??.??"]
[EventType "blitz"]

1. e4 e5 2. Nf3 d5 3. exd5 e4 4. Ne5 Bd6 5. d4 Nf6 6. Nc3 h6 7. Bf4 O-O 8. Be2
Bf5 9. O-O Nbd7 10. Qd2 Re8 11. Nc4 Bxf4 12. Qxf4 Nb6 13. Qxf5 g6 14. Qh3 Kg7
15. Nxb6 axb6 16. Bc4 b5 17. Nxb5 Nxd5 {Normal} 1-0